Hudson Taylor and Maria; (Record no. 571)

MARC details
000 -LEADER
fixed length control field 00706cam a22002531 4500
001 - CONTROL NUMBER
control field 750300
003 - CONTROL NUMBER IDENTIFIER
control field GBCCL
005 - DATE AND TIME OF LATEST TRANSACTION
control field 20241126110341.0
008 - FIXED-LENGTH DATA ELEMENTS--GENERAL INFORMATION
fixed length control field 800124s1962 nyu b 000 0beng
010 ## -
-- 61017145
040 ## - CATALOGING SOURCE
Original cataloging agency DLC
Transcribing agency DLC
Modifying agency DLC
050 00 -
-- BV3427.T3
-- P6
082 00 - DEWEY DECIMAL CLASSIFICATION NUMBER
Classification number 922.742
Item number POL
100 1# - MAIN ENTRY--PERSONAL NAME
Personal name Pollock, John,
Dates associated with a name 1924-2012.
245 00 - TITLE STATEMENT
Title Hudson Taylor and Maria;
Remainder of title pioneers in China.
250 ## - EDITION STATEMENT
Edition statement [1st ed.]
260 ## - PUBLICATION, DISTRIBUTION, ETC.
Place of publication, distribution, etc. New York,
Name of publisher, distributor, etc. McGraw-Hill
Date of publication, distribution, etc. [1962]
300 ## - PHYSICAL DESCRIPTION
Extent 212 p.
Dimensions 22 cm.
504 ## - BIBLIOGRAPHY, ETC. NOTE
Bibliography, etc. note Includes bibliography.
600 10 - SUBJECT ADDED ENTRY--PERSONAL NAME
Personal name Taylor, James Hudson,
Dates associated with a name 1832-1905.
600 10 - SUBJECT ADDED ENTRY--PERSONAL NAME
Personal name Taylor, Maria (Dyer)
906 ## - LOCAL DATA ELEMENT F, LDF (RLIN)
a 7
b cbc
c orignew
d u
e ocip
f 19
g y-gencatlg
942 ## - ADDED ENTRY ELEMENTS (KOHA)
Source of classification or shelving scheme Dewey Decimal Classification
Koha item type Books
Koha issues (borrowed), all copies 2
Holdings
Withdrawn status Lost status Source of classification or shelving scheme Damaged status Not for loan Home library Current Library Shelving location Date acquired Total checkouts Full call number Barcode Date last seen Date last checked out Copy number Price effective from Koha item type
    Dewey Decimal Classification     GRACE BIBLE COLLEGE GRACE BIBLE COLLEGE General Studies 2016-11-21 4 922.742 POL 000795 2026-02-12 2026-02-05 c.1 2016-11-21 Books
© Grace Bible College Library 2025